000 00665nam a2200229Ia 4500
003 OSt
005 20221005050337.0
006 a|||||r|||| 00| 0
007 ta
008 221004b |||||||| |||| 00| 0 mal d
024 _a57698
037 _cTextual
040 _aCRL
_cCRL
_bmal
041 _2mal
_amal
082 _aO32,6N361x, L6
100 _aKrishnankutty Chowallur Au.
_9594578
245 0 _aMayam marimayam
260 _aKottayam
_bSahithya pravarthkaka co-operative society India
_c1976
650 _aMALAYALAM PROSE
_9187524
942 _hO32,6N361x, L6
_cTEXL
_2cc
999 _c956811
_d956811